000 00545nam a22001577a 4500
005 20090124135625.0
008 090124c xxu||||| |||| 00| 0 eng d
040 _adpl
245 _aMEDC monthly economic digest
260 _aMumbai
_bMaharastra Economic Development Council
_c2009-
300 _av.
_c24 cm
310 _amonthly
270 _a106, Nagindas Master road, Fort
_bMumbai
_e400021
942 _2ddc
_cSR
_h330
_mMED
_s1
999 _c22415
_d22415